| 000 | 00652nam a2200181Ia 4500 | ||
|---|---|---|---|
| 008 | 130821s1973 mx gr spa | ||
| 040 |
_aCo-BoUCM _bspa |
||
| 041 | _aspa | ||
| 100 |
_aDumezil, Georges _9111190 |
||
| 245 |
_aDel mito a la novela la saga de Hadingus (Saxo gramático, I, v-viii) y otros ensayos _cGeorges Dumézil |
||
| 260 |
_aMéxico D.F. (México) _bFondo de Cultura Económica _c1973 |
||
| 300 | _a239 páginas | ||
| 650 | 0 | 4 |
_aGramática saxo _y1140-1206 _916523 |
| 650 | 0 | 4 |
_aLiteratura alemana _918601 |
| 650 | 0 | 4 |
_aMetodología germánica _919446 |
| 942 |
_cLIBRO _a18 _e1 _mD85 _2DEWEY _h830 |
||
| 999 |
_c5369 _d5369 |
||